[Event "ICS rated blitz match"]
[Site "204.178.125.65"]
[Date "2001.01.04"]
[Round "?"]
[White "Hossa"]
[Black "PostModernist"]
[Result "0-1"]
[WhiteElo "2498"]
[BlackElo "2663"]
[PlyCount "92"]
[EventDate "2001.??.??"]

1. e4 c5 2. Nf3 Nc6 3. d4 cxd4 4. Nxd4 e6 5. Nc3 Qc7 6. Ndb5 Qb8 7. a3 Nf6 8.
Bg5 a6 9. Nd4 Be7 10. Be2 O-O 11. Nf3 Rd8 12. O-O d5 13. exd5 Nxd5 14. Nxd5
Bxg5 15. c4 exd5 16. Nxg5 h6 17. Nf3 dxc4 18. Qc2 b5 19. b3 Bg4 20. Qe4 Qc8 21.
bxc4 Re8 22. Qd3 Bxf3 23. Bxf3 Ne5 24. Qe4 Nxf3+ 25. Qxf3 bxc4 26. Rac1 Qc5 27.
Rc2 Rad8 28. Qb7 a5 29. Rfc1 Rd3 30. Qb1 c3 31. h3 Rd2 32. Rxd2 cxd2 33. Rd1
Re2 34. Rf1 Qc3 35. Qb8+ Kh7 36. Qb1+ g6 37. Rd1 Re1+ 38. Kh2 Qe5+ 39. g3 Qf6
40. Rxd2 Rxb1 41. f4 Qc6 42. Rg2 Qc1 43. g4 Qxf4+ 44. Rg3 Rb2+ 45. Kh1 Qf1+ 46.
Rg1 Qxh3# {Hossa checkmated} 0-1

[Event "ICS rated blitz match"]
[Site "204.178.125.65"]
[Date "2001.01.04"]
[Round "?"]
[White "AvernoX"]
[Black "Hossa"]
[Result "0-1"]
[WhiteElo "2440"]
[BlackElo "2489"]
[PlyCount "176"]
[EventDate "2001.??.??"]

1. e4 e5 2. Bc4 Nf6 3. d3 Nc6 4. Nf3 Bc5 5. Nc3 d6 6. Bg5 h6 7. Bxf6 Qxf6 8.
Nd5 Qd8 9. c3 O-O 10. d4 Bb6 11. Nxb6 axb6 12. O-O exd4 13. Nxd4 Re8 14. Nxc6
bxc6 15. Qd3 Qh4 16. Rfe1 Re5 17. Rad1 Ra4 18. b4 Ra3 19. Bb3 Rh5 20. h3 Be6
21. Re2 Bxb3 22. axb3 Re5 23. Qc4 c5 24. b5 Ra8 25. b4 Qf4 26. bxc5 Rxc5 27.
Qb3 Qe5 28. c4 Ra1 29. Ree1 Rxd1 30. Qxd1 Rxc4 31. Qd5 Qxd5 32. exd5 Rc5 33.
Re8+ Kh7 34. g4 Rxb5 35. Re7 Rxd5 36. Rxc7 Kg6 37. h4 Rd4 38. f3 f5 39. h5+ Kf6
40. gxf5 b5 41. Kf2 Rd5 42. Kg3 Rxf5 43. Kg4 Rg5+ 44. Kh4 Ke5 45. Rf7 Kd5 46.
f4 Rg1 47. Re7 Kc5 48. f5 Kd5 49. Rb7 Rb1 50. Kg4 Kc6 51. Ra7 b4 52. Ra6+ Kc5
53. Ra5+ Kc4 54. Ra4 Rg1+ 55. Kf4 Rf1+ 56. Kg4 Kc3 57. Ra7 b3 58. Rc7+ Kd3 59.
Rb7 Kc2 60. Rc7+ Kb1 61. f6 gxf6 62. Kg3 d5 63. Rc6 b2 64. Rc5 d4 65. Kg2 Rc1
66. Rd5 Kc2 67. Rc5+ Kd2 68. Rb5 b1=Q 69. Rxb1 Rxb1 70. Kf3 Rf1+ 71. Ke4 Kc3
72. Kd5 Re1 73. Kd6 d3 74. Kc5 Re6 75. Kd5 d2 76. Kxe6 f5 77. Kxf5 Kd4 78. Kg6
Ke5 79. Kg7 d1=Q 80. Kg6 Qd7 81. Kxh6 Qd6+ 82. Kg7 Qc7+ 83. Kg6 Ke6 84. Kh6
Qf4+ 85. Kg7 Qg4+ 86. Kh7 Qxh5+ 87. Kg8 Kf6 88. Kf8 Qh8# {AvernoX checkmated}
0-1

[Event "ICS rated bullet match"]
[Site "204.178.125.65"]
[Date "2001.01.04"]
[Round "?"]
[White "Good-Boy"]
[Black "Hossa"]
[Result "1-0"]
[WhiteElo "2848"]
[BlackElo "2539"]
[PlyCount "59"]
[EventDate "2001.??.??"]

1. d4 d5 2. c4 c6 3. Nf3 dxc4 4. e3 b5 5. a4 Nf6 6. axb5 cxb5 7. b3 e6 8. bxc4
bxc4 9. Bxc4 Nc6 10. O-O Bb4 11. Bb5 Qb6 12. Qa4 Bd7 13. Bd2 Bd6 14. Rc1 Ne7
15. Bxd7+ Nxd7 16. Na3 Qb7 17. Nb5 Bb8 18. Ba5 Nd5 19. e4 a6 20. Bc7 Bxc7 21.
Rxc7 Qxc7 22. Nxc7+ Nxc7 23. Ne5 Rd8 24. Nc6 Nf6 25. Qa3 Rd7 26. Rb1 Nb5 27.
Rxb5 Ra7 28. Qd6 Rd7 29. Qb8+ Rd8 30. Qxd8# {Hossa checkmated} 1-0

[Event "ICS Rated blitz match"]
[Site "204.178.125.65"]
[Date "2001.01.04"]
[Round "?"]
[White "Hossa"]
[Black "WitPaard"]
[Result "1/2-1/2"]
[WhiteElo "2503"]
[BlackElo "2366"]
[PlyCount "126"]
[EventDate "2001.??.??"]

1. d4 f5 2. Bg5 g6 3. Nd2 Bg7 4. Ngf3 d5 5. e3 h6 6. Bf4 Nc6 7. Bb5 Be6 8. Ne5
Bxe5 9. dxe5 a6 10. Be2 Bf7 11. O-O e6 12. Nb3 Nge7 13. Nc5 Qc8 14. c4 b6 15.
cxd5 Nxd5 16. Qa4 b5 17. Qc2 Ncb4 18. Qd2 Nxf4 19. exf4 Nd5 20. a4 c6 21. Ra3
O-O 22. Rh3 Kg7 23. a5 Qd8 24. b4 Rh8 25. Rd1 Qe7 26. Rd3 g5 27. Rg3 g4 28. Rb3
h5 29. Rd3 h4 30. h3 Bh5 31. hxg4 fxg4 32. f3 g3 33. Rd4 Rhf8 34. Bd3 Qf7 35.
f5 exf5 36. Qg5+ Bg6 37. Rxh4 Rh8 38. Qxg3 Rxh4 39. Qxh4 Rh8 40. Qd4 Kg8 41.
Kf2 Rh2 42. Nxa6 Qh7 43. Rg1 f4 44. Bxb5 Qh4+ 45. Ke2 Qg3 46. Bc4 Rxg2+ 47.
Rxg2 Qxg2+ 48. Qf2 Qg5 49. Bxd5+ cxd5 50. Kd1 Qxe5 51. Qd2 Qa1+ 52. Ke2 Qe5+
53. Kf2 d4 54. Nc5 d3 55. Kg2 Qg5+ 56. Kf1 Qd5 57. Qxf4 d2 58. Qb8+ Kg7 59.
Qc7+ Kg8 60. Qc8+ Kg7 61. Qc7+ Kg8 62. Qc8+ Kg7 63. Qc7+ Kg8 {
Game drawn by repetition} 1/2-1/2

[Event "ICS rated standard match"]
[Site "204.178.125.65"]
[Date "2001.01.04"]
[Round "?"]
[White "Hossa"]
[Black "luv2mate"]
[Result "1-0"]
[WhiteElo "2297"]
[BlackElo "1906"]
[PlyCount "57"]
[EventDate "2001.??.??"]

1. e4 d6 2. d4 Nf6 3. Nc3 g6 4. f4 Bg7 5. Nf3 O-O 6. Bd3 Re8 7. O-O Nc6 8. e5
Nd7 9. Be3 Nb6 10. d5 Nb4 11. Bxb6 axb6 12. Bc4 Bg4 13. a3 Na6 14. Bb5 Rf8 15.
Qe1 Bd7 16. Bxd7 Qxd7 17. Qh4 Nc5 18. b4 Na4 19. Nxa4 Rxa4 20. Ng5 h6 21. Nxf7
Rxf7 22. e6 Qb5 23. exf7+ Kxf7 24. Rae1 Bf6 25. Qxh6 Qxd5 26. Qh7+ Bg7 27.
Rxe7+ Kxe7 28. Qxg7+ Qf7 29. Re1+ {luv2mate resigns} 1-0

[Event "ICS rated standard match"]
[Site "204.178.125.65"]
[Date "2001.01.04"]
[Round "?"]
[White "luv2mate"]
[Black "Hossa"]
[Result "0-1"]
[WhiteElo "1903"]
[BlackElo "2300"]
[PlyCount "46"]
[EventDate "2001.??.??"]

1. d4 d5 2. c4 c6 3. Nc3 e6 4. Nf3 dxc4 5. a4 Bb4 6. Ne5 b5 7. g3 f6 8. Nf3 Ne7
9. Bg2 O-O 10. O-O a5 11. Qc2 Nd5 12. Rd1 Ba6 13. e4 Nb6 14. Bf4 bxa4 15. Nxa4
Nxa4 16. Rxa4 Nd7 17. e5 Nb6 18. Ra2 Nd5 19. Bd2 Qe7 20. Bf1 Qf7 21. Nh4 fxe5
22. dxe5 Qxf2+ 23. Kh1 Ne3 {luv2mate resigns} 0-1

[Event "ICS rated standard match"]
[Site "204.178.125.65"]
[Date "2001.01.04"]
[Round "?"]
[White "Hossa"]
[Black "luv2mate"]
[Result "1/2-1/2"]
[WhiteElo "2303"]
[BlackElo "1900"]
[PlyCount "43"]
[EventDate "2001.??.??"]

1. e4 d6 2. d4 Nf6 3. Nc3 g6 4. f4 Bg7 5. Nf3 O-O 6. Bd3 Bg4 7. h3 Bxf3 8. Qxf3
Nc6 9. Be3 Re8 10. O-O-O e5 11. dxe5 dxe5 12. Rhf1 Nh5 13. Bb5 Qe7 14. Nd5 Qd6
15. Nb6 Qb4 16. Nxa8 exf4 17. c3 Bxc3 18. bxc3 Qxc3+ 19. Kb1 Qb4+ 20. Kc1 Qc3+
21. Kb1 Qb4+ 22. Kc1 {Game drawn by mutual agreement} 1/2-1/2

[Event "ICS rated standard match"]
[Site "204.178.125.65"]
[Date "2001.01.04"]
[Round "?"]
[White "luv2mate"]
[Black "Hossa"]
[Result "0-1"]
[WhiteElo "1901"]
[BlackElo "2290"]
[PlyCount "112"]
[EventDate "2001.??.??"]

1. e4 e5 2. Nf3 Nc6 3. Bb5 a6 4. Ba4 Nf6 5. O-O b5 6. Bb3 Be7 7. Re1 d6 8. c3
O-O 9. h3 b4 10. a3 bxc3 11. Nxc3 Nd4 12. Ba2 Be6 13. b4 Nd7 14. Bb2 Bg5 15.
Nd5 Nxf3+ 16. Qxf3 Bxd2 17. Re2 Bg5 18. Bc1 Rc8 19. Ne3 c5 20. Nf5 Bxc1 21.
Rxc1 Bxf5 22. Qxf5 cxb4 23. Rxc8 Qxc8 24. axb4 Qc1+ 25. Kh2 Nf6 26. Qf3 Qc6 27.
Bb1 Qb6 28. Bd3 Ra8 29. Qf5 Qxb4 30. Bxa6 Qb1 31. Bc4 d5 32. Ba2 Qd3 33. Qf3
dxe4 34. Qe3 Qb5 35. Bb3 Qb4 36. Bc2 Ra2 37. Rd2 Kf8 38. Re2 Qc4 39. Bd1 Nd5
40. Qg5 f6 41. Qg4 Rxe2 42. Bxe2 Qc5 43. Qg3 e3 44. fxe3 Nxe3 45. Qf3 Qa7 46.
Qc6 Qd4 47. Bb5 Qf4+ 48. Kh1 g6 49. Qd6+ Kg7 50. Qe7+ Kh6 51. Qf8+ Kg5 52. Qh8
Qe4 53. h4+ Qxh4+ 54. Kg1 Qe1+ 55. Kh2 Ng4+ 56. Kh3 Qh4# {luv2mate checkmated}
0-1

[Event "ICS rated blitz match"]
[Site "204.178.125.65"]
[Date "2001.01.04"]
[Round "?"]
[White "Hossa"]
[Black "petur3"]
[Result "1-0"]
[WhiteElo "2497"]
[BlackElo "2329"]
[PlyCount "55"]
[EventDate "2001.??.??"]

1. e4 g6 2. d4 Bg7 3. c4 d6 4. Nf3 Nd7 5. Bd3 e5 6. Bg5 f6 7. Be3 Nh6 8. O-O
O-O 9. Nc3 c6 10. Qb3 Kh8 11. Bd2 exd4 12. Nxd4 Nc5 13. Qc2 f5 14. Bxh6 Bxh6
15. exf5 Nxd3 16. Qxd3 Bxf5 17. Nxf5 Rxf5 18. Rae1 Bg7 19. Re2 Qf8 20. Rfe1 Rd8
21. Nd1 d5 22. cxd5 Rfxd5 23. Qb3 R5d7 24. Nc3 Bd4 25. Ne4 c5 26. Ng5 Qf6 27.
Re8+ Kg7 28. Ne6+ {petur3 resigns} 1-0

[Event "ICS rated blitz match"]
[Site "204.178.125.65"]
[Date "2001.01.04"]
[Round "?"]
[White "pob"]
[Black "Hossa"]
[Result "0-1"]
[WhiteElo "2175"]
[BlackElo "2506"]
[PlyCount "68"]
[EventDate "2001.??.??"]

1. e4 d5 2. e5 c5 3. c3 Nc6 4. d4 cxd4 5. cxd4 Bf5 6. Nc3 e6 7. Nf3 Rc8 8. Bd3
Bg4 9. Be3 Qb6 10. Be2 Bxf3 11. Bxf3 Qxb2 12. Ne2 f6 13. O-O fxe5 14. Rb1 Qxa2
15. Rxb7 Nf6 16. dxe5 Qa6 17. Qb3 Nxe5 18. Rxa7 Nxf3+ 19. gxf3 Qd6 20. Qb7 Qd7
21. Qb2 Qd8 22. Bb6 Rb8 23. Bxd8 Rxb2 24. Bxf6 gxf6 25. Nf4 Rg8+ 26. Kh1 Rg7
27. Ra8+ Kf7 28. Re1 e5 29. Nxd5 Bc5 30. Ne3 Rxf2 31. Nf5 Rgg2 32. f4 Rxh2+ 33.
Kg1 Rfg2+ 34. Kf1 Rg1# {pob checkmated} 0-1

[Event "ICS rated blitz match"]
[Site "204.178.125.65"]
[Date "2001.01.04"]
[Round "?"]
[White "Mstahl"]
[Black "Hossa"]
[Result "0-1"]
[WhiteElo "2289"]
[BlackElo "2517"]
[PlyCount "138"]
[EventDate "2001.??.??"]

1. d4 d5 2. f4 Nf6 3. c3 g6 4. e3 Bg7 5. Bd3 O-O 6. Nf3 Ne4 7. Bxe4 dxe4 8.
Nfd2 f5 9. O-O b6 10. b3 c5 11. Bb2 Ba6 12. Rf2 Nc6 13. Na3 cxd4 14. cxd4 Nb4
15. Nac4 Nd3 16. Qc2 Nxf2 17. Kxf2 Rc8 18. Qd1 e6 19. g3 g5 20. fxg5 b5 21. Ne5
Bxe5 22. dxe5 Qxg5 23. Bd4 Rf7 24. b4 Qh6 25. Kg1 Qh3 26. Nb3 Bb7 27. Nc5 Bd5
28. a3 Bc4 29. Qe1 Re8 30. Qf2 Ree7 31. Qg2 Qxg2+ 32. Kxg2 Rg7 33. Kf2 Rg6 34.
Rc1 Rh6 35. h4 Rg7 36. Rg1 Rhg6 37. Na6 Rg4 38. Nc5 h6 39. Rg2 Kh7 40. Rg1 h5
41. Rg2 Rc7 42. Rg1 Rg8 43. Rg2 Rcg7 44. Rg1 Re7 45. Rg2 Kh6 46. Rg1 Reg7 47.
Na6 Bd5 48. Nc5 Kh7 49. Rg2 Kg6 50. Rg1 Bc4 51. Rg2 Ba2 52. Rg1 Kh6 53. Rg2 Bc4
54. Rg1 Rc8 55. Rg2 Rgg8 56. Rg1 Rg4 57. Rc1 Rcg8 58. Rg1 R8g7 59. Rg2 R4g6 60.
Na6 Bd5 61. Nc5 Kh7 62. Na6 f4 63. Rg1 fxg3+ 64. Ke2 Rg4 65. Bc5 Rxh4 66. Bf8
Rf7 67. Bd6 Rf2+ 68. Ke1 Rhh2 69. Nc7 Rb2 {Mstahl resigns} 0-1

[Event "ICS rated blitz match"]
[Site "204.178.125.65"]
[Date "2001.01.04"]
[Round "?"]
[White "pob"]
[Black "Hossa"]
[Result "0-1"]
[WhiteElo "2142"]
[BlackElo "2524"]
[PlyCount "60"]
[EventDate "2001.??.??"]

1. e4 e5 2. Nf3 Nc6 3. Bb5 a6 4. Ba4 Nf6 5. O-O b5 6. Bb3 Be7 7. c3 Nxe4 8. Re1
Nc5 9. Nxe5 Nxe5 10. Rxe5 d6 11. Re1 Nxb3 12. axb3 O-O 13. d4 Re8 14. Bf4 c6
15. Nd2 a5 16. Qf3 d5 17. Re3 Be6 18. Rae1 c5 19. Be5 Bg5 20. Qg3 cxd4 21. Bxd4
Bh6 22. Nf3 a4 23. b4 a3 24. bxa3 Rxa3 25. Qe5 f6 26. Qh5 Bxe3 27. fxe3 Bf7 28.
Qg4 Re4 29. Qf5 Be6 30. Qh5 Bg4 {pob resigns} 0-1

[Event "ICS rated blitz match"]
[Site "204.178.125.65"]
[Date "2001.01.04"]
[Round "?"]
[White "Hossa"]
[Black "pob"]
[Result "1-0"]
[WhiteElo "2527"]
[BlackElo "2139"]
[PlyCount "37"]
[EventDate "2001.??.??"]

1. e4 e5 2. Nf3 Nc6 3. Bb5 a6 4. Bxc6 dxc6 5. O-O Bg4 6. h3 h5 7. d3 Qf6 8.
Nbd2 O-O-O 9. hxg4 hxg4 10. Nh2 Nh6 11. Nxg4 Nxg4 12. Qxg4+ Kb8 13. Nf3 Be7 14.
Qg5 Qe6 15. Qxe5 Qg6 16. Qxe7 Qh5 17. Qh4 Qxh4 18. Nxh4 Rxh4 19. Bg5 {
pob resigns} 1-0

[Event "ICS rated blitz match"]
[Site "204.178.125.65"]
[Date "2001.01.04"]
[Round "?"]
[White "pob"]
[Black "Hossa"]
[Result "0-1"]
[WhiteElo "2136"]
[BlackElo "2530"]
[PlyCount "80"]
[EventDate "2001.??.??"]

1. e4 e5 2. Nf3 Nc6 3. Bb5 a6 4. Ba4 Nf6 5. O-O b5 6. Bb3 Be7 7. Re1 d6 8. h3
O-O 9. c3 b4 10. d4 bxc3 11. bxc3 Rb8 12. Nbd2 exd4 13. cxd4 d5 14. e5 Nh5 15.
Nf1 Bb4 16. Bd2 Bxd2 17. Qxd2 f6 18. Rac1 Ne7 19. exf6 Nxf6 20. Ng3 Rb6 21. Ne5
Bb7 22. Qg5 h6 23. Qe3 Qb8 24. Rc5 Bc8 25. Rec1 c6 26. Nf3 Bd7 27. Ne4 Nxe4 28.
Qxe4 Rxb3 29. Qxe7 Rbxf3 30. gxf3 Rf7 31. Qe5 Qf8 32. R1c3 Re7 33. Qg3 Re2 34.
Rc2 Re1+ 35. Kh2 Qf6 36. R5c3 Qxd4 37. Rb3 Qd1 38. Qd6 Rh1+ 39. Kg3 Rxh3+ 40.
Kf4 Qd4# {pob checkmated} 0-1

[Event "ICS rated blitz match"]
[Site "204.178.125.65"]
[Date "2001.01.04"]
[Round "?"]
[White "Hossa"]
[Black "QueenMaxima"]
[Result "0-1"]
[WhiteElo "2533"]
[BlackElo "2490"]
[PlyCount "194"]
[EventDate "2001.??.??"]

1. c4 c6 2. Nf3 Nf6 3. d4 Na6 4. Nc3 d6 5. e4 c5 6. d5 g6 7. Bd3 Bg7 8. O-O O-O
9. a3 Bg4 10. h3 Bxf3 11. Qxf3 Nd7 12. Qf4 Qb6 13. Qh4 Ne5 14. Be2 Bf6 15. Qg3
Qb3 16. Nb1 Qxg3 17. fxg3 Bg7 18. Nc3 Nc7 19. Bg5 Rfe8 20. Rac1 h6 21. Bd2 Rac8
22. b3 Red8 23. Nd1 Rb8 24. Ne3 Ne8 25. Ba5 b6 26. Bc3 Nf6 27. Bxe5 dxe5 28.
Bf3 a5 29. Ng4 Ne8 30. Ne3 Nd6 31. Rf2 a4 32. bxa4 Ra8 33. Rb2 Rxa4 34. Ra1 Ra6
35. g4 Bf6 36. Rf2 Bg5 37. Nc2 Bh4 38. Rff1 Ra4 39. Rfb1 Rxc4 40. Ne3 Ra4 41.
Rxb6 Nxe4 42. Nd1 Ng3 43. Ne3 e4 44. Bd1 Rd4 45. Bb3 Ne2+ 46. Kh1 Rd3 47. Nf1
Bf6 48. Re1 Nd4 49. Bc4 Rc3 50. Bb5 Rxa3 51. Bc6 Nc2 52. Re2 Nb4 53. Rxe4 Ra1
54. Rf4 Nd3 55. Rxf6 exf6 56. Kg1 Kg7 57. Rb7 Nb4 58. Bd7 Kg8 59. d6 Nd5 60.
Kf2 Ra6 61. Bb5 Raxd6 62. Bc4 R6d7 63. Bxd5 Rxd5 64. Rc7 Re5 65. Kg3 Rd3+ 66.
Kf2 Kg7 67. Ng3 Rb3 68. h4 Ree3 69. Nf1 Rec3 70. Re7 Rc2+ 71. Re2 Rxe2+ 72.
Kxe2 Rb2+ 73. Ke3 Rxg2 74. Kf3 Rb2 75. Ne3 Rb4 76. h5 Rd4 77. hxg6 fxg6 78. Kf2
c4 79. Kf3 c3 80. Nc2 Rd2 81. Nb4 c2 82. Na2 Rd1 83. Ke3 Ra1 84. Nc1 Rxc1 85.
Kd2 h5 86. g5 Rg1 87. gxf6+ Kxf6 88. Kxc2 h4 89. Kd3 h3 90. Ke4 h2 91. Kd3 Rd1+
92. Kc4 Rc1+ 93. Kd4 h1=Q 94. Ke3 Kf5 95. Kf2 Rc2+ 96. Kg3 Qh2+ 97. Kf3 Rc3# {
Hossa checkmated} 0-1

[Event "ICS rated blitz match"]
[Site "204.178.125.65"]
[Date "2001.01.04"]
[Round "?"]
[White "QueenMaxima"]
[Black "Hossa"]
[Result "0-1"]
[WhiteElo "2509"]
[BlackElo "2515"]
[PlyCount "120"]
[EventDate "2001.??.??"]

1. d4 d5 2. c4 c6 3. Nf3 Nf6 4. Nbd2 Bf5 5. g3 e6 6. Qb3 b6 7. Bg2 Bd6 8. Nh4
Bg4 9. h3 Bh5 10. Ndf3 dxc4 11. Qxc4 b5 12. Qc2 Nd5 13. O-O Be7 14. Qe4 Nd7 15.
Bd2 O-O 16. Rac1 Rc8 17. Rfd1 N7b6 18. Ba5 Qd6 19. g4 f5 20. gxf5 Nc4 21. Rxc4
bxc4 22. Qxe6+ Qxe6 23. fxe6 Nf4 24. Re1 g5 25. Ne5 gxh4 26. Nxc6 Nxh3+ 27. Kh2
Rxc6 28. Bxc6 Nxf2 29. Rg1+ Bg4 30. Bf3 Bd6+ 31. Kg2 Bg3 32. Bxg4 Nxg4 33. Kh3
Nf2+ 34. Kg2 Ne4 35. Be1 Bxe1 36. Rxe1 Rb8 37. b3 cxb3 38. axb3 Rxb3 39. Ra1
h3+ 40. Kh2 Nf6 41. e4 Ng4+ 42. Kh1 Re3 43. e5 Re2 44. e7 Kf7 45. e6+ Kxe7 46.
Rc1 Nf2+ 47. Kg1 h2+ 48. Kxh2 Nd3+ 49. Kh3 Nxc1 50. d5 Kd6 51. Kh4 Kxd5 52. e7
Rxe7 53. Kg5 Re4 54. Kf5 Ne2 55. Kf6 Kd6 56. Kf5 Ng3+ 57. Kf6 Rg4 58. Kf7 Ne4
59. Ke8 Rf4 60. Kd8 Rf8# {QueenMaxima checkmated} 0-1

[Event "ICS rated blitz match"]
[Site "204.178.125.65"]
[Date "2001.01.04"]
[Round "?"]
[White "QueenMaxima"]
[Black "Hossa"]
[Result "1/2-1/2"]
[WhiteElo "2493"]
[BlackElo "2531"]
[PlyCount "228"]
[EventDate "2001.??.??"]

1. c4 e5 2. Nc3 Nf6 3. d3 Bc5 4. Nf3 d6 5. g3 O-O 6. Bg2 c6 7. Qb3 Na6 8. O-O
Kh8 9. Bg5 Bb6 10. Ne4 h6 11. Bxf6 gxf6 12. Qa3 d5 13. cxd5 cxd5 14. Nc3 Be6
15. Rac1 d4 16. Ne4 Bg4 17. h3 Be6 18. Nd6 Nc5 19. Nc4 Na6 20. Nfd2 Bc5 21. Qa4
Qe7 22. a3 Rfc8 23. b4 Bb6 24. Rc2 Bd7 25. Qb3 Be6 26. Rfc1 Bd8 27. b5 Nc5 28.
Qb4 a5 29. bxa6 Rxa6 30. Qb1 b6 31. Qb4 Kg8 32. Nb2 f5 33. Nbc4 Bd7 34. Nf3 f6
35. Nh4 Qe6 36. Nd2 Rc7 37. Qc4 Qxc4 38. Nxc4 b5 39. Nxe5 fxe5 40. Rxc5 Rxc5
41. Rxc5 Bf6 42. Ng6 e4 43. Rc7 Be8 44. Ne7+ Bxe7 45. Rxe7 exd3 46. exd3 Kf8
47. Re5 Bg6 48. Rxb5 Rxa3 49. Bf1 f4 50. Rb4 fxg3 51. Rxd4 gxf2+ 52. Kxf2 Ke7
53. Ke3 Bf5 54. Rh4 Ra6 55. Rh5 Re6+ 56. Kd2 Bg6 57. Rxh6 Bxd3 58. Rxe6+ Kxe6
59. Bxd3 Kf6 60. h4 Kg7 61. h5 Kh8 62. h6 Kg8 63. Be4 Kf7 64. h7 Kg7 65. Ke3
Kh8 66. Kd4 Kg7 67. Ke5 Kh8 68. Bf5 Kg7 69. Bg6 Kh8 70. Be4 Kg7 71. Bf5 Kh8 72.
Bg6 Kg7 73. Kd5 Kh8 74. Be4 Kg7 75. Kd6 Kh8 76. Bf5 Kg7 77. Kc5 Kh8 78. Kc6 Kg7
79. Kb6 Kh8 80. Kc5 Kg7 81. Kc4 Kh8 82. Kd4 Kg7 83. Ke3 Kh8 84. Ke4 Kg7 85. Kd4
Kh8 86. Kc4 Kg7 87. Bg6 Kh8 88. Kd5 Kg7 89. Bd3 Kh8 90. Bc2 Kg7 91. Be4 Kh8 92.
Bd3 Kg7 93. Bc2 Kh8 94. Kd6 Kg7 95. Bf5 Kh8 96. Kd7 Kg7 97. Kc7 Kh8 98. Kc8 Kg7
99. Kd7 Kh8 100. Bb1 Kg7 101. Kc6 Kh8 102. Kb5 Kg7 103. Kc5 Kh8 104. Kc6 Kg7
105. Kd6 Kh8 106. Kc5 Kg7 107. Kc4 Kh8 108. Kd4 Kg7 109. Bc2 Kh8 110. Ke5 Kg7
111. Bd3 Kh8 112. Kf4 Kg7 113. Be4 Kh8 114. Bd5 Kxh7 {
Game drawn by the 50 move rule} 1/2-1/2

[Event "ICS rated blitz match"]
[Site "204.178.125.65"]
[Date "2001.01.04"]
[Round "?"]
[White "Hossa"]
[Black "inmortal"]
[Result "1-0"]
[WhiteElo "2529"]
[BlackElo "2452"]
[PlyCount "59"]
[EventDate "2001.??.??"]

1. e4 e5 2. Nc3 Nf6 3. Nf3 Nc6 4. d4 exd4 5. Nxd4 Bb4 6. Nxc6 bxc6 7. Bg5 h6 8.
Bxf6 Qxf6 9. Qf3 Qxf3 10. gxf3 Bxc3+ 11. bxc3 Rb8 12. Rg1 O-O 13. Bh3 d5 14.
Bxc8 Rfxc8 15. O-O-O dxe4 16. fxe4 Re8 17. Rd4 Rbd8 18. f3 c5 19. Rc4 Re5 20.
f4 Rh5 21. Rh1 Kf8 22. h4 Ke7 23. f5 g5 24. Rxc5 Rd7 25. Rc6 gxh4 26. Ra6 h3
27. Rh2 c5 28. Rc6 Rd8 29. Rxc5 Rg8 30. f6+ {inmortal resigns} 1-0

[Event "ICS rated blitz match"]
[Site "204.178.125.65"]
[Date "2001.01.04"]
[Round "?"]
[White "inmortal"]
[Black "Hossa"]
[Result "0-1"]
[WhiteElo "2439"]
[BlackElo "2542"]
[PlyCount "86"]
[EventDate "2001.??.??"]

1. e4 e5 2. Nf3 Nc6 3. Bc4 Be7 4. d3 Nf6 5. Bb3 d5 6. exd5 Nxd5 7. O-O O-O 8.
Re1 Bf6 9. h3 a6 10. c3 Nb6 11. Bc2 Bf5 12. Qe2 Qd5 13. Nbd2 Rad8 14. Ne4 Be7
15. Be3 Bg6 16. a4 Bh5 17. Ng3 Bxf3 18. Qxf3 Qxf3 19. gxf3 Nd5 20. Bd2 f5 21.
Kg2 Bh4 22. Re2 Rd7 23. Rae1 Rd6 24. Rxe5 Nxe5 25. Rxe5 Bf6 26. Rxf5 Rb6 27.
Bc1 Rd8 28. Ne4 Be7 29. b4 Rg6+ 30. Kf1 Re6 31. Bb3 c6 32. b5 axb5 33. axb5 g6
34. Ng5 Red6 35. Re5 Bf6 36. Re2 R6d7 37. Ne6 Ra8 38. bxc6 bxc6 39. Bg5 Bxc3
40. Nc5 Rf7 41. Re6 Rf5 42. Rxc6 Ra1+ 43. Ke2 Re1# {inmortal checkmated} 0-1

[Event "ICS rated blitz match"]
[Site "204.178.125.65"]
[Date "2001.01.04"]
[Round "?"]
[White "Hossa"]
[Black "inmortal"]
[Result "1-0"]
[WhiteElo "2553"]
[BlackElo "2428"]
[PlyCount "103"]
[EventDate "2001.??.??"]

1. d4 f5 2. Bg5 d5 3. e3 g6 4. Nf3 Bg7 5. c4 c6 6. cxd5 cxd5 7. Ne5 Nf6 8. Bb5+
Nbd7 9. Nc3 O-O 10. f3 a6 11. Be2 b5 12. Nc6 Qe8 13. O-O Nb6 14. Nb4 Be6 15.
Nxa6 Rxa6 16. Bxb5 Qa8 17. Bxa6 Qxa6 18. b3 Rc8 19. Qd2 Kf7 20. a4 Nfd7 21. Ne2
h6 22. Bh4 g5 23. Bg3 Ra8 24. a5 Nc8 25. b4 Nd6 26. Bxd6 exd6 27. Rfb1 Rb8 28.
Ra2 Nf6 29. Nc3 Bd7 30. b5 Qa7 31. b6 Qa6 32. Raa1 Ke6 33. Rc1 h5 34. Na2 g4
35. Nb4 Qb5 36. Ra2 Bh6 37. Rc7 gxf3 38. gxf3 Rg8+ 39. Kf2 Bg5 40. Nd3 Bh4+ 41.
Kf1 Qb1+ 42. Rc1 Qb5 43. Qe2 Kf7 44. Raa1 Bc8 45. Ne5+ dxe5 46. Qxb5 f4 47.
Rc7+ Kg6 48. dxe5 Bh3+ 49. Ke2 Kf5 50. exf6 Rg2+ 51. Kd3 fxe3 52. Qxd5+ {
inmortal resigns} 1-0

[Event "ICS rated blitz match"]
[Site "204.178.125.65"]
[Date "2001.01.04"]
[Round "?"]
[White "Hossa"]
[Black "keZZap"]
[Result "1-0"]
[WhiteElo "2566"]
[BlackElo "2095"]
[PlyCount "67"]
[EventDate "2001.??.??"]

1. e4 c5 2. Nf3 Nc6 3. d4 cxd4 4. Nxd4 Nf6 5. Nc3 e5 6. Ndb5 d6 7. Bg5 a6 8.
Na3 b5 9. Bxf6 gxf6 10. Nd5 f5 11. c3 Bg7 12. exf5 Bxf5 13. Nc2 O-O 14. Nce3
Be6 15. Bd3 f5 16. O-O e4 17. Nf4 Qd7 18. Be2 Ne5 19. Ned5 Rab8 20. Nxe6 Qxe6
21. Nc7 Qg6 22. Nxa6 f4 23. Bh5 Qg5 24. Nxb8 f3 25. Qd5+ Kh8 26. g4 Rxb8 27.
Qxe4 Rg8 28. Qf5 Qxf5 29. gxf5 Bf6+ 30. Kh1 Rg5 31. Be8 Rxf5 32. Bxb5 Rh5 33.
Rg1 Bg5 34. Be8 {keZZap resigns} 1-0

[Event "ICS rated blitz match"]
[Site "204.178.125.65"]
[Date "2001.01.04"]
[Round "?"]
[White "armenjan"]
[Black "Hossa"]
[Result "0-1"]
[WhiteElo "2036"]
[BlackElo "2568"]
[PlyCount "60"]
[EventDate "2001.??.??"]

1. d4 d5 2. c4 c6 3. Nc3 e6 4. Nf3 dxc4 5. a4 Bb4 6. e4 Nf6 7. Bg5 Bxc3+ 8.
bxc3 Qa5 9. e5 Ne4 10. Bd2 Nxd2 11. Qxd2 b5 12. Qb2 bxa4 13. Bxc4 Ba6 14. Nd2
Bb5 15. O-O O-O 16. Rfb1 Qc7 17. Qa2 Nd7 18. Ne4 Rfb8 19. Bxe6 fxe6 20. Qxe6+
Kh8 21. Nd6 g6 22. c4 a6 23. h4 Nf8 24. Qf6+ Qg7 25. Nf7+ Kg8 26. Qxg7+ Kxg7
27. Nd6 Ne6 28. d5 cxd5 29. cxb5 axb5 30. Nxb5 a3 {armenjan resigns} 0-1

[Event "ICS rated standard match"]
[Site "204.178.125.65"]
[Date "2001.01.04"]
[Round "?"]
[White "Hossa"]
[Black "nihonjin"]
[Result "1/2-1/2"]
[WhiteElo "2293"]
[BlackElo "2010"]
[PlyCount "136"]
[EventDate "2001.??.??"]

1. d4 Nf6 2. c4 e6 3. Nf3 b6 4. g3 Bb7 5. Bg2 c5 6. d5 exd5 7. Ng5 Be7 8. Nc3
O-O 9. cxd5 d6 10. O-O Nbd7 11. Qc2 Re8 12. Bf4 h6 13. Nge4 Nxe4 14. Qxe4 Bg5
15. Qf5 Bxf4 16. Qxf4 Nf6 17. Rfd1 a6 18. e4 b5 19. a3 Qd7 20. f3 a5 21. Bf1
Ba6 22. Qd2 b4 23. Ne2 Bxe2 24. Bxe2 Qc7 25. axb4 axb4 26. Bb5 Rxa1 27. Rxa1
Rb8 28. Bc6 Nd7 29. f4 f6 30. Qd3 Rd8 31. b3 Nb8 32. Bb5 Nd7 33. Qd1 Nb6 34.
Bc6 Qe7 35. Qe2 Rb8 36. Qd3 Nc8 37. Ra2 Na7 38. Ba4 Qb7 39. Qc4 Kh8 40. Qe2 Nb5
41. Bxb5 Qxb5 42. Qxb5 Rxb5 43. h4 h5 44. e5 fxe5 45. fxe5 dxe5 46. Re2 Kg8 47.
Rxe5 g6 48. d6 Kf7 49. d7 Rb8 50. Rxc5 Rd8 51. Rc4 Rxd7 52. Rxb4 Rd2 53. Rb6
Rb2 54. b4 Kg7 55. b5 Kf7 56. Kf1 Kg7 57. Rb8 Kf6 58. b6 Kf5 59. b7 Kg4 60. Rg8
Rxb7 61. Rxg6+ Kf3 62. Kg1 Rb2 63. Rg5 Rg2+ 64. Kh1 Rxg3 65. Rxh5 Kg4 66. Rh6
Rh3+ 67. Kg2 Rxh4 68. Rxh4+ Kxh4 {
Game drawn because neither player has mating material} 1/2-1/2